00731 2200253 4500001002100000005001700021008004100038020001800079035002400097082001200121090002400133100002100157245011500178250001000293260004200303300003200345500001100377650002500388850001500413980001300428985000600441999001500447999001500462YOGYA-0209000003996320090227025614.0 ind  a979-22-2178-6 0010-020900000039963 a959.823 a959.823bSut YlYog aSUTANTO, Himawan aYogyakarta Jendral Spoor (Operasi kraai) versus Jendral Sudirman (perintah siasat no.1)coleh Himawan Soetanto aCet.2 aJakartabGramedia Pustaka Utamac2006 axxxvi, 423 hlmbilusc23 cm aIndeks aYogyakarta - Sejarah aYOPDYOG(B) a06-11-07 a2 a07B0030918 a07B0030919